| 000 | 01289nam a2200337 a 4500 | ||
|---|---|---|---|
| 001 | ebr10463111 | ||
| 003 | CaPaEBR | ||
| 006 | m u | ||
| 007 | cr cn||||||||| | ||
| 008 | 100903s2010 ke sb 000 0 eng d | ||
| 010 | _z 2010305734 | ||
| 020 | _z9966724486 | ||
| 020 | _z9789966724489 | ||
| 020 | _z9789966028044 (e-book) | ||
| 040 |
_aCaPaEBR _cCaPaEBR |
||
| 035 | _a(OCoLC)722929792 | ||
| 043 | _afe----- | ||
| 050 | 1 | 4 |
_aHM1271 _b.E84 2010eb |
| 245 | 0 | 0 |
_aEthnic diversity in eastern Africa _h[electronic resource] : _bopportunities and challenges / _cedited by Kimani Njogu, Kabiri Ngeta, Mary Wanjau. |
| 260 |
_aNairobi [Kenya] : _bTwaweza Communications, _cc2010. |
||
| 300 | _axvii, 234 p. | ||
| 504 | _aIncludes bibliographical references. | ||
| 533 |
_aElectronic reproduction. _bPalo Alto, Calif. : _cebrary, _d2013. _nAvailable via World Wide Web. _nAccess may be limited to ebrary affiliated libraries. |
||
| 650 | 0 |
_aCultural pluralism _zAfrica, Eastern. |
|
| 655 | 7 |
_aElectronic books. _2local |
|
| 700 | 1 | _aNjogu, Kimani. | |
| 700 | 1 | _aNgeta, Kabiri. | |
| 700 | 1 | _aWanjau, Mary. | |
| 710 | 2 | _aebrary, Inc. | |
| 856 | 4 | 0 |
_uhttp://site.ebrary.com/lib/rucke/Doc?id=10463111 _zAn electronic book accessible through the World Wide Web; click to view |
| 999 |
_c240924 _d240924 |
||